[Event "MP Reykjavik Open 2011"]
[Site "Reykjavik ISL"]
[Date "2011.03.10"]
[Round "2.47"]
[White "Saemundsson, Bjarni"]
[Black "Rothe, Guido"]
[Result "1/2-1/2"]
[WhiteElo "1923"]
[BlackElo "2171"]
[PlyCount "138"]
[EventDate "2011.03.09"]
[EventType "swiss"]
[EventRounds "9"]
[EventCountry "ISL"]
[Source "lmi"]
[SourceDate "2011.03.09"]

1. d4 d6 2. e4 g6 3. c4 Bg7 4. Nf3 Nf6 5. Nc3 O-O 6. Be2 Na6 7. Be3 e5 8. Qd2
exd4 9. Nxd4 Nc5 10. f3 a5 11. O-O Re8 12. Rad1 Qe7 13. Ndb5 b6 14. Bg5 Bb7 15.
Nd5 Bxd5 16. cxd5 Qd7 17. Qc2 h6 18. Be3 Re7 19. Bf2 Rae8 20. Nd4 Ra8 21. Bb5
Qc8 22. Nc6 Re8 23. Bd4 Nfd7 24. Bxg7 Kxg7 25. Qc3+ Nf6 26. Rc1 Rf8 27. Nd4 Qd8
28. Nc6 Qd7 29. Nd4 Qd8 30. Nc6 Qd7 31. Nd4 Qe7 32. Nc6 Qe8 33. Nd4 Qe5 34. Nc6
Qxc3 35. Rxc3 Nh5 36. Nd4 Kf6 37. Nb3 g5 38. Nxc5 bxc5 39. a4 Nf4 40. g3 Ng6
41. Kf2 Ne5 42. Ke2 Rg8 43. Ra1 Ke7 44. Raa3 Raf8 45. Bd3 Rb8 46. Bb5 g4 47. f4
Nf3 48. Rxf3 gxf3+ 49. Kxf3 h5 50. Re3 Rg7 51. h3 Rbg8 52. Kf2 Kf6 53. Be2 Rb8
54. b3 Kg6 55. Bc4 f5 56. exf5+ Kf6 57. Re6+ Kf7 58. Be2 Rh7 59. Bb5 Rg8 60.
Be2 Re8 61. Bd3 Rhh8 62. Bb5 Rxe6 63. fxe6+ Kf6 64. Be2 c6 65. Bc4 cxd5 66.
Bxd5 Rb8 67. Kf3 Rh8 68. Bc4 Rh7 69. Bd5 Rh8 1/2-1/2

[Event "MP Reykjavik Open 2011"]
[Site "Reykjavik ISL"]
[Date "2011.03.10"]
[Round "2.48"]
[White "Agrest, Inna"]
[Black "Klein, Gernot"]
[Result "1-0"]
[WhiteElo "2170"]
[BlackElo "1924"]
[PlyCount "103"]
[EventDate "2011.03.09"]
[EventType "swiss"]
[EventRounds "9"]
[EventCountry "ISL"]
[Source "lmi"]
[SourceDate "2011.03.09"]

1. e4 c5 2. Nf3 e6 3. d4 cxd4 4. Nxd4 a6 5. Bd3 Nf6 6. O-O Qc7 7. Kh1 Bc5 8.
Nb3 Be7 9. f4 d6 10. a4 b6 11. Nc3 Bb7 12. Qf3 Nbd7 13. Bd2 g6 14. Rae1 h5 15.
Qh3 Ng4 16. Be2 Ngf6 17. Bd1 O-O-O 18. Nd4 Qc4 19. Nb3 Qc7 20. Be2 Kb8 21. Bd3
Ng4 22. Qf3 Bh4 23. Ra1 f5 24. Qe2 Nc5 25. Nxc5 Qxc5 26. Nd1 Ka7 27. b4 Qc8 28.
c4 fxe4 29. Bxe4 d5 30. cxd5 exd5 31. Bf3 Rhe8 32. Qd3 Qc4 33. Nb2 Qxd3 34.
Nxd3 Ne3 35. Rfc1 Bf6 36. Rab1 Nc4 37. Be1 Re3 38. Rd1 h4 39. Bf2 Ree8 40. a5
d4 41. axb6+ Kxb6 42. Bxb7 Kxb7 43. Nc5+ Kb6 44. Ra1 a5 45. Na4+ Kb5 46. bxa5
d3 47. Rac1 d2 48. Rc2 Ne3 49. Rb1+ Kxa5 50. Ra2 d1=Q+ 51. Be1+ Rd2 52. Nc5+
1-0

[Event "MP Reykjavik Open 2011"]
[Site "Reykjavik ISL"]
[Date "2011.03.10"]
[Round "2.49"]
[White "Benediktsson, Frimann"]
[Black "Burrows, Martin P"]
[Result "1/2-1/2"]
[WhiteElo "1917"]
[BlackElo "2168"]
[PlyCount "114"]
[EventDate "2011.03.09"]
[EventType "swiss"]
[EventRounds "9"]
[EventCountry "ISL"]
[Source "lmi"]
[SourceDate "2011.03.09"]

1. d4 Nf6 2. Nf3 e6 3. c4 b6 4. g3 Ba6 5. Qc2 Bb7 6. Bg2 c5 7. O-O cxd4 8. Nxd4
Bxg2 9. Kxg2 Be7 10. Nc3 Qc7 11. b3 a6 12. Bb2 Nc6 13. Nf3 O-O 14. Rfd1 Qb7 15.
Ne4 Nb4 16. Nxf6+ Bxf6 17. Qd2 Bxb2 18. Qxb2 Rfd8 19. a3 Nc6 20. Kg1 d6 21.
Rac1 Rac8 22. Rd2 h6 23. Rcd1 Qc7 24. Nd4 Ne7 25. Nf3 b5 26. Rc2 Qb6 27. Rdc1
bxc4 28. Rxc4 Rxc4 29. Rxc4 d5 30. Rc3 Qd6 31. Rd3 Rc8 32. b4 Qc6 33. Rb3 Nf5
34. Rd3 Nd6 35. Qd4 Ne4 36. Kg2 Qc2 37. Ng1 Qc4 38. Nf3 Qxd4 39. Nxd4 Nc3 40.
e3 Kf8 41. Nb3 Ne4 42. Nd4 e5 43. f3 Nxg3 44. Kxg3 exd4 45. Rxd4 Rc3 46. Rxd5
Rxa3 47. e4 Rb3 48. Ra5 Rxb4 49. Rxa6 g6 50. Rc6 Kg7 51. Ra6 Rb2 52. Rc6 Re2
53. h4 Re1 54. Ra6 Rb1 55. Rc6 Rb5 56. Ra6 Re5 57. Rc6 Ra5 1/2-1/2

[Event "MP Reykjavik Open 2011"]
[Site "Reykjavik ISL"]
[Date "2011.03.10"]
[Round "2.50"]
[White "Duchrow, Oliver"]
[Black "Ingason, Sigurdur"]
[Result "0-1"]
[WhiteElo "2165"]
[BlackElo "1918"]
[PlyCount "100"]
[EventDate "2011.03.09"]
[EventType "swiss"]
[EventRounds "9"]
[EventCountry "ISL"]
[Source "lmi"]
[SourceDate "2011.03.09"]

1. e4 e5 2. Nf3 Nf6 3. Nc3 Bb4 4. d3 Nc6 5. Bg5 O-O 6. Qd2 d6 7. O-O-O Nd4 8.
a3 Bxc3 9. bxc3 Ne6 10. Bh4 c5 11. Qe3 b5 12. d4 Qa5 13. d5 Qxa3+ 14. Kd2 Ng4
15. Qe2 b4 16. Qc4 Nc7 17. cxb4 Qxb4+ 18. Qxb4 cxb4 19. Ra1 a5 20. Bd3 Nf6 21.
Ra2 Bd7 22. Rha1 a4 23. Rb1 Rfb8 24. Kc1 Na6 25. Nd2 Nc5 26. f3 b3 27. Ra3
Nxd3+ 28. cxd3 Rc8+ 29. Nc4 Bb5 30. Kd2 Bxc4 31. dxc4 Rxc4 32. Rbxb3 Rac8 33.
Rb2 Nxd5 34. Bf2 Nf4 35. g3 Ne6 36. Rba2 Nd4 37. Bxd4 Rxd4+ 38. Rd3 Rcc4 39.
Rc2 Rxd3+ 40. Kxd3 Rxc2 41. Kxc2 Kf8 42. Kc3 Ke7 43. Kb4 Ke6 44. Kxa4 f5 45.
Kb5 d5 46. exf5+ Kxf5 47. Kc5 d4 48. Kc4 g5 49. Kd3 h5 50. h3 h4 0-1

[Event "MP Reykjavik Open 2011"]
[Site "Reykjavik ISL"]
[Date "2011.03.10"]
[Round "2.51"]
[White "Rutten, David"]
[Black "Van der Plas, Rob"]
[Result "1-0"]
[WhiteElo "1880"]
[BlackElo "2165"]
[PlyCount "141"]
[EventDate "2011.03.09"]
[EventType "swiss"]
[EventRounds "9"]
[EventCountry "ISL"]
[Source "lmi"]
[SourceDate "2011.03.09"]

1. d4 e6 2. Nf3 Nf6 3. e3 Be7 4. Bd3 b6 5. O-O Bb7 6. c4 c5 7. Nbd2 Nc6 8. b3
O-O 9. Bb2 d6 10. Re1 Qc7 11. Rc1 a5 12. a4 Nd7 13. e4 cxd4 14. Nxd4 Nxd4 15.
Bxd4 e5 16. Bb2 Bg5 17. Rc3 Nc5 18. Nf1 g6 19. Qg4 Bh6 20. Ne3 Kh8 21. Bc1 Qd8
22. Nd5 Bxc1 23. Rexc1 Bc8 24. Qg3 f5 25. Re1 Ra7 26. f4 fxe4 27. Bxe4 Raf7 28.
Rf3 exf4 29. Rxf4 Rxf4 30. Nxf4 Qf6 31. Nd5 Qd4+ 32. Qe3 Qb2 33. Bxg6 Qg7 34.
Bc2 Rg8 35. Qc3 Qxc3 36. Nxc3 Bb7 37. Nd5 Bxd5 38. cxd5 Rg5 39. Re8+ Kg7 40.
Re7+ Kf6 41. Rxh7 Rxd5 42. Rh6+ Kg7 43. Rg6+ Kf7 44. Rg3 Rd2 45. Bg6+ Kf6 46.
h4 Nxb3 47. h5 Nd4 48. Kh2 Kg7 49. Be8+ Kh7 50. Kh3 Ne2 51. Rg4 Rd3+ 52. Kh4
Re3 53. Bc6 Re5 54. Re4 Rc5 55. Be8 Nc3 56. Rd4 d5 57. g4 Ne2 58. Rd2 Ng1 59.
Rd3 d4 60. g5 Re5 61. Bc6 Re6 62. Bd5 Rd6 63. Be4+ Kh8 64. h6 Ne2 65. g6 Nc3
66. Rf3 Rd8 67. Bd3 Rc8 68. Bc4 d3 69. g7+ Kh7 70. Bxd3+ Kxh6 71. Rf8 1-0

[Event "MP Reykjavik Open 2011"]
[Site "Reykjavik ISL"]
[Date "2011.03.10"]
[Round "2.52"]
[White "Andersson, Christin"]
[Black "Frijling, Jeroen"]
[Result "1-0"]
[WhiteElo "2163"]
[BlackElo "1874"]
[PlyCount "69"]
[EventDate "2011.03.09"]
[EventType "swiss"]
[EventRounds "9"]
[EventCountry "ISL"]
[Source "lmi"]
[SourceDate "2011.03.09"]

1. e4 c5 2. Nf3 Nc6 3. Bb5 Qb6 4. Nc3 e6 5. Bxc6 dxc6 6. O-O Nf6 7. d3 Be7 8.
Rb1 O-O 9. Bf4 Qd8 10. h3 b6 11. Ne5 Bb7 12. Qf3 Bd6 13. Ng4 Nxg4 14. Qxg4 Bxf4
15. Qxf4 Qe7 16. Rbe1 Rad8 17. Qg3 e5 18. f4 exf4 19. Rxf4 Rd6 20. Ref1 Rg6 21.
Qf3 Bc8 22. Ne2 Be6 23. Ng3 Qg5 24. Nf5 Rd8 25. h4 Qf6 26. Nh6+ Rxh6 27. Rxf6
Rxf6 28. Qg3 Rxf1+ 29. Kxf1 g6 30. Qc7 Rd7 31. Qxc6 h5 32. b3 Kg7 33. a4 Kf6
34. a5 bxa5 35. Qxc5 1-0

[Event "MP Reykjavik Open 2011"]
[Site "Reykjavik ISL"]
[Date "2011.03.10"]
[Round "2.53"]
[White "Fivelstad, Jon Olav"]
[Black "Bjornsson, Tomas"]
[Result "1/2-1/2"]
[WhiteElo "1854"]
[BlackElo "2158"]
[PlyCount "56"]
[EventDate "2011.03.09"]
[EventType "swiss"]
[EventRounds "9"]
[EventCountry "ISL"]
[Source "lmi"]
[SourceDate "2011.03.09"]

1. Nf3 d5 2. c4 c6 3. b3 Nf6 4. Bb2 Bf5 5. g3 e6 6. Bg2 h6 7. O-O Nbd7 8. d3
Be7 9. Nbd2 O-O 10. Qc2 Bh7 11. a3 a5 12. Bc3 Qc7 13. b4 e5 14. Qb3 a4 15. Qd1
e4 16. Ne1 Ne5 17. dxe4 dxe4 18. Nc2 b5 19. Ne3 Rfd8 20. Qc2 Nf3+ 21. Kh1 Nxd2
22. Bxd2 bxc4 23. Rfd1 Nd5 24. Qxc4 Bf6 25. Rac1 Nxe3 26. Bxe3 Bb2 27. Rb1
Rxd1+ 28. Rxd1 Rd8 1/2-1/2

[Event "MP Reykjavik Open 2011"]
[Site "Reykjavik ISL"]
[Date "2011.03.10"]
[Round "2.54"]
[White "Gardarsson, Hordur"]
[Black "Bergsson, Stefan"]
[Result "0-1"]
[WhiteElo "1851"]
[BlackElo "2158"]
[PlyCount "131"]
[EventDate "2011.03.09"]
[EventType "swiss"]
[EventRounds "9"]
[EventCountry "ISL"]
[Source "lmi"]
[SourceDate "2011.03.09"]

1. d4 Nf6 2. c4 e6 3. Nf3 c5 4. e3 a6 5. Nc3 d5 6. b3 cxd4 7. exd4 Bb4 8. Bd2
Nc6 9. a3 Bxc3 10. Bxc3 Ne4 11. Bb2 Qa5+ 12. Nd2 dxc4 13. bxc4 Qf5 14. Nxe4
Qxe4+ 15. Qe2 Qg6 16. g3 h5 17. h4 O-O 18. Bg2 f5 19. O-O f4 20. Be4 Qf7 21.
Kg2 Bd7 22. Qd3 Ne7 23. d5 exd5 24. cxd5 Bb5 25. Qd4 fxg3 26. f4 Bxf1+ 27. Rxf1
Rad8 28. d6 Rfe8 29. f5 Nc6 30. Qd3 Rxe4 31. Qxe4 Rxd6 32. Qe3 Na5 33. Qxg3 Nc4
34. Bc3 Rd7 35. Rf2 Qd5+ 36. Kh2 Qe4 37. f6 Ne3 38. fxg7 Rd8 39. Rf8+ Rxf8 40.
gxf8=Q+ Kxf8 41. Qg7+ Ke8 42. Qg8+ Kd7 43. Qf7+ Kc6 44. Qf6+ Kb5 45. Qg5+ Kc4
46. Bb4 Kd3 47. Qg3 Kc2 48. Kg1 Qd4 49. Qf2+ Kb3 50. Qd2 Qa1+ 51. Kf2 Ng4+ 52.
Ke2 Qe5+ 53. Kd3 Qf5+ 54. Ke2 Qe4+ 55. Kf1 Qf3+ 56. Kg1 Qg3+ 57. Qg2 Qe3+ 58.
Kf1 Qc1+ 59. Ke2 Qc2+ 60. Bd2 Qc4+ 61. Kd1 b5 62. Qf3+ Kb2 63. Ke1 Ne5 64. Qe2
Qxh4+ 65. Kd1 Qc4 66. Ke1 0-1

[Event "MP Reykjavik Open 2011"]
[Site "Reykjavik ISL"]
[Date "2011.03.10"]
[Round "2.55"]
[White "Maack, Kjartan"]
[Black "Jonsson, Olafur Gisli"]
[Result "0-1"]
[WhiteElo "2157"]
[BlackElo "1842"]
[PlyCount "112"]
[EventDate "2011.03.09"]
[EventType "swiss"]
[EventRounds "9"]
[EventCountry "ISL"]
[Source "lmi"]
[SourceDate "2011.03.09"]

1. Nf3 d5 2. c4 c6 3. g3 Nf6 4. Bg2 Bg4 5. Ne5 Bf5 6. cxd5 cxd5 7. Qb3 Nc6 8.
Nxc6 bxc6 9. O-O e6 10. d3 Be7 11. Nc3 O-O 12. Bd2 Rb8 13. Qc2 Qb6 14. Na4 Qb5
15. b3 Nd7 16. e4 Bg6 17. Rfe1 Bf6 18. Rac1 Rfc8 19. Be3 a5 20. Nc5 Nxc5 21.
Bxc5 h6 22. Bf1 Qb7 23. Bd6 Ra8 24. Bg2 Bd4 25. Bc5 Bxc5 26. Qxc5 a4 27. b4
Rab8 28. a3 Qb5 29. Rc3 Qa6 30. Rec1 dxe4 31. dxe4 Qe2 32. Qe5 Rb5 33. Qd4 Qb2
34. Bf1 Rbb8 35. Qe3 Rd8 36. Rxc6 Rd2 37. Rc8+ Rxc8 38. Rxc8+ Kh7 39. Rc4 Rd1
40. Kg2 Qb1 41. Be2 Rg1+ 42. Kh3 Re1 43. Qd2 Rg1 44. f3 Rh1 45. Bd3 Qa1 46. Rc3
Rd1 47. Qc2 h5 48. b5 Rh1 49. b6 h4 50. Kg4 hxg3 51. hxg3 e5 52. f4 Bh5+ 53.
Kf5 Bd1 54. Kxe5 Bxc2 55. Kd4 Rd1 56. e5+ Rxd3+ 0-1

[Event "MP Reykjavik Open 2011"]
[Site "Reykjavik ISL"]
[Date "2011.03.10"]
[Round "2.56"]
[White "Karlsson, Mikael Johann"]
[Black "Guindy, Esmat"]
[Result "1/2-1/2"]
[WhiteElo "1835"]
[BlackElo "2153"]
[PlyCount "209"]
[EventDate "2011.03.09"]
[EventType "swiss"]
[EventRounds "9"]
[EventCountry "ISL"]
[Source "lmi"]
[SourceDate "2011.03.09"]

1. c4 e6 2. g3 d5 3. Bg2 c5 4. Nf3 Nf6 5. cxd5 exd5 6. d4 Nc6 7. O-O c4 8. Nc3
Be7 9. Bd2 a6 10. a4 O-O 11. b3 cxb3 12. Qxb3 Na5 13. Qa2 h6 14. e3 Be6 15.
Rfc1 Nc4 16. Qb3 Ne4 17. Be1 Qd7 18. Ne2 Rfc8 19. Nf4 Bf5 20. Ne5 Nxe5 21. dxe5
Rxc1 22. Rxc1 Rd8 23. Ba5 Rc8 24. Rd1 Nc5 25. Qa2 Qxa4 26. Qxa4 Nxa4 27. Nxd5
Bf8 28. e4 Bg4 29. Rb1 b5 30. f3 Be6 31. f4 Rc2 32. f5 Bc8 33. Bf1 Nc5 34. Bg2
Nd3 35. Bb6 Nxe5 36. Ne3 Rc6 37. Bd4 Bd6 38. Nd5 Kf8 39. h3 Rc4 40. Be3 Bb7 41.
f6 Bxd5 42. fxg7+ Kxg7 43. exd5 Rc3 44. Bf4 f6 45. Rf1 a5 46. Bxh6+ Kf7 47. Bg5
Bc5+ 48. Kh1 Nd7 49. Bd2 Ra3 50. g4 Bd4 51. Rd1 Be5 52. h4 b4 53. h5 Rg3 54. h6
Rxg4 55. Bh3 Rh4 56. Kg2 Nf8 57. Be3 Bd6 58. Ra1 Bc7 59. d6 Bd8 60. Rc1 b3 61.
Kg3 Rb4 62. Bf5 b2 63. Rh1 Ng6 64. h7 Nh8 65. Kf3 Rb5 66. Bd3 Rb4 67. Rg1 f5
68. Bxf5 Bf6 69. Bb1 Bg7 70. Ba2+ Kf6 71. Bg5+ Ke5 72. Bd2 Rd4 73. Bc3 Kxd6 74.
Bxd4 Bxd4 75. Rg5 Bc3 76. Ke2 a4 77. Kd3 Be5 78. Kc2 a3 79. Kb1 Bf6 80. Rg3 Ke5
81. Rxa3 Kf5 82. Bb3 Kg6 83. Bc2+ Kf7 84. Rg3 Bg7 85. Ka2 Be5 86. Rg2 Bd4 87.
Kb3 Ke6 88. Kc4 Bf6 89. Bb1 Be5 90. Kd3 Bf6 91. Ke4 Bc3 92. Rf2 Bf6 93. Ba2+
Ke7 94. Kf5 Bd4 95. Re2+ Kf8 96. Ke6 Kg7 97. Bb1 Kh6 98. Rg2 Kh5 99. Ke7 Kh4
100. Kf8 Kh3 101. Rg7 Kh4 102. Kg8 Kh5 103. Rg2 Kh6 104. Bc2 Be5 105. Be4
1/2-1/2

[Event "MP Reykjavik Open 2011"]
[Site "Reykjavik ISL"]
[Date "2011.03.10"]
[Round "2.57"]
[White "Sellitti, Federico"]
[Black "Antonsson, Atli"]
[Result "1-0"]
[WhiteElo "2142"]
[BlackElo "1830"]
[PlyCount "49"]
[EventDate "2011.03.09"]
[EventType "swiss"]
[EventRounds "9"]
[EventCountry "ISL"]
[Source "lmi"]
[SourceDate "2011.03.09"]

1. e4 e6 2. d4 d5 3. Nd2 Nf6 4. e5 Nfd7 5. Bd3 c5 6. c3 Nc6 7. Ngf3 g6 8. h4 h6
9. O-O c4 10. Bc2 g5 11. h5 f5 12. exf6 Qxf6 13. Nh2 Bd6 14. Ng4 Qg7 15. Re1
Nf6 16. Bf5 O-O 17. Bxe6+ Bxe6 18. Rxe6 Bc7 19. Qf3 Nxg4 20. Qxg4 Qf7 21. Nf3
Rae8 22. Rg6+ Kh7 23. Bxg5 Re4 24. Rxh6+ Kg7 25. Bf4+ 1-0

[Event "MP Reykjavik Open 2011"]
[Site "Reykjavik ISL"]
[Date "2011.03.10"]
[Round "2.58"]
[White "Erikstad, Olav"]
[Black "Huguet, Sergio"]
[Result "0-1"]
[WhiteElo "1829"]
[BlackElo "2140"]
[PlyCount "88"]
[EventDate "2011.03.09"]
[EventType "swiss"]
[EventRounds "9"]
[EventCountry "ISL"]
[Source "lmi"]
[SourceDate "2011.03.09"]

1. e4 Nf6 2. e5 Nd5 3. Qf3 e6 4. Nc3 Nb4 5. Qd1 d6 6. a3 Nd5 7. Nxd5 exd5 8. d4
dxe5 9. dxe5 c5 10. Nf3 Nc6 11. Be2 Be7 12. O-O O-O 13. c3 Be6 14. Qc2 Qb6 15.
b4 cxb4 16. axb4 Qc7 17. Bd3 Nxe5 18. Bxh7+ Kh8 19. Nxe5 Qxe5 20. f4 Qh5 21.
Bd3 Bd6 22. Be3 Rfc8 23. Bd4 Bxb4 24. Rf3 Bg4 25. Rg3 Bxc3 26. Bxc3 d4 27. Be2
f5 28. Bxg4 fxg4 29. Qb2 dxc3 30. Rxc3 Rxc3 31. Qxc3 Qd5 32. Ra5 b5 33. Ra1 Rd8
34. Qc1 Qd4+ 35. Kf1 b4 36. Ra4 Qd3+ 37. Kg1 b3 38. Qe1 Qd1 39. Ra1 b2 40. Kf2
Rd2+ 41. Kg3 Qxe1+ 42. Rxe1 Rc2 43. Rb1 a5 44. Rxb2 Rxb2 0-1

[Event "MP Reykjavik Open 2011"]
[Site "Reykjavik ISL"]
[Date "2011.03.10"]
[Round "2.59"]
[White "Ingvason, Johann"]
[Black "Van Dongen, Leo"]
[Result "1-0"]
[WhiteElo "2135"]
[BlackElo "1828"]
[PlyCount "41"]
[EventDate "2011.03.09"]
[EventType "swiss"]
[EventRounds "9"]
[EventCountry "ISL"]
[Source "lmi"]
[SourceDate "2011.03.09"]

1. e4 e5 2. Nf3 Nc6 3. d4 exd4 4. Bc4 Bb4+ 5. c3 dxc3 6. bxc3 Ba5 7. Qb3 Qe7 8.
O-O d6 9. e5 d5 10. Bxd5 Be6 11. Qxb7 Bxd5 12. Qxa8+ Kd7 13. e6+ fxe6 14. Rd1
Qc5 15. Be3 Qc4 16. Nbd2 Qg4 17. Qxc6+ Kd8 18. Nc4 Ke7 19. Rxd5 exd5 20. Bc5+
Kd8 21. Nfe5 1-0

[Event "MP Reykjavik Open 2011"]
[Site "Reykjavik ISL"]
[Date "2011.03.10"]
[Round "2.60"]
[White "Sverrisson, Nokkvi"]
[Black "Schaefer, Reyk"]
[Result "1/2-1/2"]
[WhiteElo "1824"]
[BlackElo "2133"]
[PlyCount "100"]
[EventDate "2011.03.09"]
[EventType "swiss"]
[EventRounds "9"]
[EventCountry "ISL"]
[Source "lmi"]
[SourceDate "2011.03.09"]

1. e4 e5 2. Nf3 d6 3. d4 exd4 4. Nxd4 Nf6 5. Nc3 Be7 6. Bc4 O-O 7. O-O Nxe4 8.
Nxe4 d5 9. Bd3 dxe4 10. Bxe4 Re8 11. Bf3 Bf6 12. Be3 Nd7 13. c3 Ne5 14. Re1 Nc4
15. Qd3 Nxe3 16. Rxe3 Rxe3 17. Qxe3 c6 18. Rd1 Qe7 19. Qd3 g6 20. Kf1 Bd7 21.
Ne2 Bf5 22. Qd6 Rd8 23. Qxd8+ Qxd8 24. Rxd8+ Bxd8 25. Nd4 Bb1 26. a3 Kf8 27.
Ke2 Ke8 28. g3 Kd7 29. h4 Kd6 30. b4 Bf6 31. Ke3 Bg7 32. Be4 Bh6+ 33. f4 Ba2
34. h5 Bg7 35. hxg6 hxg6 36. Bf3 Bd5 37. Be2 b5 38. Bd1 a6 39. Kd3 Bc4+ 40. Kd2
Bf6 41. Bg4 Bd8 42. Bf3 Bd5 43. Bd1 Bb6 44. a4 c5 45. bxc5+ Kxc5 46. axb5 axb5
47. Kd3 f5 48. Nb3+ Kd6 49. Nd4 Be4+ 50. Ke3 Bd5 1/2-1/2

[Event "MP Reykjavik Open 2011"]
[Site "Reykjavik ISL"]
[Date "2011.03.10"]
[Round "2.61"]
[White "Steil-Antoni, Fiona"]
[Black "Fridthjofsdottir, Sigurl  Regin"]
[Result "1-0"]
[WhiteElo "2117"]
[BlackElo "1808"]
[PlyCount "137"]
[EventDate "2011.03.09"]
[EventType "swiss"]
[EventRounds "9"]
[EventCountry "ISL"]
[Source "lmi"]
[SourceDate "2011.03.09"]

1. e4 d5 2. exd5 Qxd5 3. Nc3 Qd6 4. d4 Nf6 5. Nf3 Bg4 6. g3 e6 7. Bf4 Qd8 8.
Bg2 c6 9. O-O Nbd7 10. Re1 Be7 11. h3 Bh5 12. Qd2 O-O 13. g4 Bg6 14. Nh4 Nd5
15. Nxg6 hxg6 16. Bg3 Nxc3 17. bxc3 Nb6 18. Qd3 Bd6 19. Bxd6 Qxd6 20. c4 Qc7
21. a4 a5 22. Qb3 Rab8 23. Rab1 Nd7 24. Qc3 Rfd8 25. Rb3 c5 26. d5 exd5 27.
cxd5 b6 28. Re7 Qd6 29. Qe1 g5 30. c4 Nf6 31. Rbe3 Kf8 32. R7e5 Qd7 33. Qd1 Re8
34. Qb3 Rxe5 35. Rxe5 Qd6 36. Qe3 Re8 37. Rxe8+ Nxe8 38. Qxg5 Qf6 39. Qc1 Nd6
40. Qc2 Qa1+ 41. Bf1 Qd4 42. Bd3 Qa1+ 43. Kg2 Qd4 44. f3 g6 45. Qb3 Nc8 46. h4
Qe5 47. Qd1 Kg7 48. Qe2 Qxe2+ 49. Bxe2 Nd6 50. Bd3 Kf6 51. f4 Ke7 52. Kg3 Ne8
53. f5 gxf5 54. Bxf5 Nd6 55. Bd3 f6 56. Kf4 Nf7 57. Be2 Ne5 58. g5 Ng6+ 59. Kg4
fxg5 60. Kxg5 Ne5 61. h5 Nf7+ 62. Kg6 Ne5+ 63. Kg7 b5 64. cxb5 c4 65. Bxc4 Nxc4
66. h6 Nd6 67. h7 Nf5+ 68. Kg6 Nh4+ 69. Kh5 1-0

[Event "MP Reykjavik Open 2011"]
[Site "Reykjavik ISL"]
[Date "2011.03.10"]
[Round "2.62"]
[White "Johannsdottir, Johanna Bjorg"]
[Black "Thorsteinsson, Erlingur"]
[Result "0-1"]
[WhiteElo "1795"]
[BlackElo "2110"]
[PlyCount "34"]
[EventDate "2011.03.09"]
[EventType "swiss"]
[EventRounds "9"]
[EventCountry "ISL"]
[Source "lmi"]
[SourceDate "2011.03.09"]

1. e4 a6 2. d4 b5 3. Nf3 Bb7 4. Bd3 Nf6 5. Nbd2 e6 6. O-O c5 7. c3 d5 8. Re1
cxd4 9. Nxd4 Nc6 10. N4b3 Ne5 11. Bc2 dxe4 12. Qe2 Nd3 13. Rd1 Nf4 14. Qe3 N6d5
15. Qxe4 Bd6 16. Nf3 Qc7 17. Qd4 Ne2+ 0-1

[Event "MP Reykjavik Open 2011"]
[Site "Reykjavik ISL"]
[Date "2011.03.10"]
[Round "2.63"]
[White "Braig, Frank"]
[Black "Finnbogadottir, Tinna Kristin"]
[Result "1-0"]
[WhiteElo "2105"]
[BlackElo "1791"]
[PlyCount "87"]
[EventDate "2011.03.09"]
[EventType "swiss"]
[EventRounds "9"]
[EventCountry "ISL"]
[Source "lmi"]
[SourceDate "2011.03.09"]

1. e4 c5 2. Nf3 g6 3. d4 cxd4 4. Nxd4 Nc6 5. Nxc6 dxc6 6. Bd3 Bg7 7. O-O Nf6 8.
h3 O-O 9. Qe2 Be6 10. Nd2 Qc7 11. Nf3 Rad8 12. Be3 b6 13. a4 c5 14. c3 Qd7 15.
Bb5 Qc8 16. Bf4 Bxh3 17. gxh3 Qxh3 18. Bg3 Nh5 19. Ng5 Nxg3 20. Qf3 Qh5 21.
Qxg3 Rd2 22. Rab1 Bh6 23. Nf3 Rdd8 24. Kg2 g5 25. Rh1 Qg6 26. Qg4 Kg7 27. Rh3
f5 28. exf5 Rxf5 29. Re1 e6 30. Ne5 Qf6 31. Qe2 g4 32. Nxg4 Rg5 33. Rg3 Qf5 34.
Qxe6 Qxe6 35. Rxe6 Rg6 36. Nxh6 Kxh6 37. Rexg6+ hxg6 38. Rd3 Ra8 39. Rd6 Kh5
40. Bd3 g5 41. Kg3 Rb8 42. Rd7 g4 43. Kf4 Rf8+ 44. Bf5 1-0

[Event "MP Reykjavik Open 2011"]
[Site "Reykjavik ISL"]
[Date "2011.03.10"]
[Round "2.64"]
[White "Hauksson, Hordur Aron"]
[Black "Kristinsson, Ogmundur"]
[Result "0-1"]
[WhiteElo "1719"]
[BlackElo "2099"]
[PlyCount "84"]
[EventDate "2011.03.09"]
[EventType "swiss"]
[EventRounds "9"]
[EventCountry "ISL"]
[Source "lmi"]
[SourceDate "2011.03.09"]

1. d4 d5 2. c4 e6 3. Nc3 Nf6 4. Nf3 Be7 5. Bg5 O-O 6. e3 h6 7. Bh4 b6 8. Qc2
Bb7 9. Rd1 Nbd7 10. Bd3 c5 11. dxc5 Nxc5 12. Bxf6 Bxf6 13. cxd5 Nxd3+ 14. Rxd3
exd5 15. O-O Bxc3 16. Qxc3 Ba6 17. Rfd1 Bxd3 18. Qxd3 Qf6 19. Nd4 Rac8 20. h3
Rfd8 21. Qa3 a5 22. Qb3 Rc5 23. Nf3 Rdc8 24. Rd4 Qd6 25. g3 Rc4 26. Qd3 Rxd4
27. Nxd4 Qc5 28. b3 Qc1+ 29. Kg2 Qa1 30. Qb5 Qxa2 31. Qxb6 Qb1 32. Qxa5 Qe4+
33. Nf3 Re8 34. Qc3 Rb8 35. Qb2 Rb6 36. Qc3 h5 37. Qc8+ Kh7 38. Qc1 Rf6 39. Qd1
g5 40. b4 g4 41. hxg4 hxg4 42. Qh1+ Rh6 0-1

[Event "MP Reykjavik Open 2011"]
[Site "Reykjavik ISL"]
[Date "2011.03.10"]
[Round "2.65"]
[White "Herms Agullo, Jordi"]
[Black "Helgadottir, Sigridur Bjorg"]
[Result "0-1"]
[WhiteElo "2098"]
[BlackElo "1712"]
[PlyCount "86"]
[EventDate "2011.03.09"]
[EventType "swiss"]
[EventRounds "9"]
[EventCountry "ISL"]
[Source "lmi"]
[SourceDate "2011.03.09"]

1. e4 c5 2. Nf3 d6 3. d4 cxd4 4. Nxd4 Nf6 5. Nc3 a6 6. Bg5 e6 7. f4 Be7 8. Qf3
Qc7 9. O-O-O Nbd7 10. Bd3 h6 11. Bh4 g5 12. fxg5 Ne5 13. Qe2 Nfg4 14. h3 hxg5
15. Bg3 Nxd3+ 16. cxd3 Ne5 17. Kb1 b5 18. Rc1 Qd7 19. Rhf1 Bb7 20. Nd1 Rh6 21.
Ne3 Rg6 22. Ng4 Nxg4 23. Qxg4 Bf6 24. Rxf6 Rxf6 25. Qxg5 Rg6 26. Qh4 Rg8 27.
Qh7 Rf8 28. Bh4 Rc8 29. Re1 Qc7 30. a3 d5 31. Nf5 dxe4 32. dxe4 Qc2+ 33. Ka1
exf5 34. exf5+ Be4 35. f6 Rc4 36. Qh5 Kd7 37. Rd1+ Kc8 38. Qg4+ Bf5 39. Qf3 Qe4
40. Qf2 Bd7 41. Qa7 Qc6 42. Bg5 Rg8 43. Rxd7 Rxg5 0-1

[Event "MP Reykjavik Open 2011"]
[Site "Reykjavik ISL"]
[Date "2011.03.10"]
[Round "2.66"]
[White "Kristinardottir, Elsa Maria"]
[Black "Schwenke, Markus"]
[Result "1/2-1/2"]
[WhiteElo "1702"]
[BlackElo "2098"]
[PlyCount "73"]
[EventDate "2011.03.09"]
[EventType "swiss"]
[EventRounds "9"]
[EventCountry "ISL"]
[Source "lmi"]
[SourceDate "2011.03.09"]

1. e4 c6 2. d4 d5 3. Nc3 dxe4 4. Nxe4 Bf5 5. Ng3 Bg6 6. h4 h6 7. h5 Bh7 8. Nf3
Nf6 9. Bd3 Bxd3 10. Qxd3 e6 11. Bd2 Nbd7 12. O-O-O Bd6 13. Ne4 Nxe4 14. Qxe4
Nf6 15. Qe2 Qc7 16. Kb1 O-O-O 17. c4 Kb8 18. Bc3 Rhe8 19. c5 Bf8 20. Qe5 Rd5
21. Qxc7+ Kxc7 22. Ne5 Ne4 23. Rh4 Nxc5 24. Nxf7 Nd7 25. Re1 Rf5 26. Ne5 Rxf2
27. Ng6 Bd6 28. Rhe4 Rxg2 29. Rxe6 Rxe6 30. Rxe6 Nf6 31. d5 Nxh5 32. dxc6 bxc6
33. Nh4 Rg1+ 34. Kc2 Nf4 35. Re8 g5 36. Nf5 Rh1 37. Ba5+ 1/2-1/2